[Event "XXXIV Festival A"]
[Site "Arco ITA"]
[Date "2012.10.14"]
[Round "2"]
[White "Horvath, Csaba"]
[Black "Facchetti, Gianni"]
[WhiteElo "2526"]
[BlackElo "2087"]
[Result "1-0"]
[PlyCount "101"]
[EventDate "2012.10.13"]

1. d4 Nf6 2. c4 e5 3. dxe5 Ng4 4. Bf4 Nc6 5. Nf3 Bb4+ 6. Nbd2 Qe7 7. e3 Ngxe5
8. Nxe5 Nxe5 9. Be2 d6 10. O-O Bxd2 11. Qxd2 a5 12. Qc3 f6 13. Bh5+ g6 14. Be2
O-O 15. Bg3 Nd7 16. b3 Nc5 17. f3 b6 18. Rae1 Bb7 19. e4 Rae8 20. Bd1 Bc6 21.
a3 Rf7 22. b4 axb4 23. axb4 Ne6 24. Bb3 g5 25. Ra1 Kg7 26. Ra7 Qd8 27. Rd1 Qb8
28. Ra2 Rfe7 29. Rad2 Qc8 30. Qe3 Nf8 31. c5 dxc5 32. bxc5 b5 33. h4 h6 34. Bd5
Bxd5 35. Rxd5 Ng6 36. c6 Qe6 37. hxg5 hxg5 38. Qc3 b4 39. Qc4 g4 40. Kf2 gxf3
41. gxf3 Rd8 42. R1d4 Rxd5 43. Qxd5 b3 44. Rb4 Qh3 45. Rb8 Rf7 46. Qd8 Nf8 47.
Bxc7 Qe6 48. Bd6 Qc4 49. Bxf8+ Kh7 50. Qd5 Qc2+ 51. Kg3 1-0

[Event "XXXIV Festival A"]
[Site "Arco ITA"]
[Date "2012.10.14"]
[Round "2"]
[White "Karl, Hans"]
[Black "Mombelli, Antonio"]
[WhiteElo "2141"]
[BlackElo "1799"]
[Result "1-0"]
[PlyCount "77"]
[EventDate "2012.10.13"]

1. e4 d6 2. d4 Nf6 3. Nc3 g6 4. f4 Bg7 5. Nf3 c5 6. dxc5 Qa5 7. Bd3 Qxc5 8. Qe2
O-O 9. Be3 Qc7 10. O-O Nc6 11. Nb5 Qd8 12. c3 Ng4 13. Bd2 a6 14. Na3 Qc7 15. h3
Nf6 16. Nc4 Nd7 17. Ne3 e6 18. Bc2 b5 19. Rad1 Bb7 20. f5 Nce5 21. Ng5 exf5 22.
exf5 Nf6 23. fxg6 hxg6 24. Qf2 Qe7 25. Qh4 Nh5 26. Ng4 f5 27. Bb3+ Nc4 28. Rfe1
Qd8 29. Ne3 d5 30. Bc1 Qb6 31. Kh1 Rae8 32. Nxd5 Bxd5 33. Rxd5 f4 34. Kh2 Bf6
35. Rxe8 Rxe8 36. Bxf4 Re4 37. Qg4 Rxf4 38. Qc8+ Kg7 39. Qd7+ 1-0

[Event "XXXIV Festival A"]
[Site "Arco ITA"]
[Date "2012.10.14"]
[Round "2"]
[White "Kierzek, Mira"]
[Black "Dittmar, Peter"]
[WhiteElo "2018"]
[BlackElo "2329"]
[Result "0-1"]
[PlyCount "74"]
[EventDate "2012.10.13"]

1. d4 Nf6 2. Nf3 e6 3. e3 c5 4. Bd3 b6 5. O-O Bb7 6. c4 Be7 7. Nc3 O-O 8. d5
exd5 9. cxd5 d6 10. e4 a6 11. a4 Nbd7 12. h3 Qc7 13. b3 Ne8 14. Bg5 Ne5 15.
Bxe7 Qxe7 16. Nxe5 Qxe5 17. Rc1 Nc7 18. Bc4 Rae8 19. Qd3 f5 20. Rce1 f4 21. Qf3
Bc8 22. Be2 Bd7 23. Kh1 b5 24. axb5 axb5 25. Bd1 b4 26. Nb1 Nb5 27. Nd2 Nd4 28.
Qh5 Bb5 29. Qxe5 Rxe5 30. Rg1 Rfe8 31. Kh2 Bd3 32. f3 Ra8 33. Kh1 Ra2 34. Nf1
Be2 35. Nh2 h5 36. Bxe2 Nxe2 37. Ra1 Ng3# 0-1

[Event "XXXIV Festival A"]
[Site "Arco ITA"]
[Date "2012.10.14"]
[Round "2"]
[White "Knors, Rudi"]
[Black "Burmakin, Vladimir"]
[WhiteElo "2112"]
[BlackElo "2579"]
[Result "0-1"]
[PlyCount "68"]
[EventDate "2012.10.13"]

1. e4 c6 2. d4 d5 3. Nc3 g6 4. h3 Bg7 5. Nf3 dxe4 6. Nxe4 Nd7 7. Bd3 Ngf6 8.
Nxf6+ Nxf6 9. O-O O-O 10. c3 b6 11. Bf4 Bb7 12. Qe2 e6 13. Rad1 Qe7 14. Ne5 Nd5
15. Bg3 Rad8 16. Rfe1 c5 17. dxc5 Qxc5 18. Bb5 Nf6 19. Bh4 Rxd1 20. Rxd1 g5 21.
Bg3 Ne4 22. Nd7 Nxg3 23. Qd3 Qf5 24. Qxg3 Rc8 25. a4 Qc2 26. Re1 Qxb2 27. Qxg5
Qxc3 28. Re3 Qd4 29. Rd3 Qa1+ 30. Kh2 h6 31. Qg4 Rc1 32. Qh4 Rh1+ 33. Kg3 Rg1
34. Qd8+ Kh7 0-1

[Event "XXXIV Festival A"]
[Site "Arco ITA"]
[Date "2012.10.14"]
[Round "2"]
[White "Messina, Roberta"]
[Black "Medancic, Rikard"]
[WhiteElo "1983"]
[BlackElo "2234"]
[Result "0-1"]
[PlyCount "70"]
[EventDate "2012.10.13"]

1. c4 b6 2. Nf3 Bb7 3. Nc3 f5 4. d4 Nf6 5. g3 e6 6. Bg2 Bb4 7. O-O Bxc3 8. bxc3
O-O 9. Ba3 Re8 10. Rb1 d6 11. c5 Bd5 12. cxd6 cxd6 13. Nd2 Nc6 14. Qa4 Qc7 15.
Bxd5 exd5 16. e3 Rac8 17. Qb5 Red8 18. Rfc1 Na5 19. c4 Nxc4 20. Nxc4 dxc4 21.
Qxf5 d5 22. g4 Qd7 23. Qxd7 Rxd7 24. f3 h6 25. Kg2 Kf7 26. Rc3 Rc6 27. h4 Ne8
28. Rf1 Nc7 29. e4 Nb5 30. Re3 c3 31. Bb4 a5 32. a4 axb4 33. axb5 Rc4 34. exd5
b3 35. Ree1 c2 0-1

[Event "XXXIV Festival A"]
[Site "Arco ITA"]
[Date "2012.10.14"]
[Round "2"]
[White "Moratto, Davide"]
[Black "Ludwig, Timm"]
[WhiteElo "1854"]
[BlackElo "1688"]
[Result "1/2-1/2"]
[PlyCount "64"]
[EventDate "2012.10.13"]

1. e4 c5 2. Nf3 d6 3. d4 cxd4 4. Nxd4 g6 5. Nc3 Bg7 6. Be3 Nf6 7. Be2 O-O 8.
Qd2 Nc6 9. Nxc6 bxc6 10. Bh6 Rb8 11. Bxg7 Kxg7 12. Rb1 Qa5 13. O-O h5 14. Rfd1
Rb4 15. a3 Rb8 16. Qd4 Qc7 17. b4 Bd7 18. h3 Rh8 19. f4 Qb6 20. e5 Qxd4+ 21.
Rxd4 Nd5 22. Nxd5 cxd5 23. exd6 e6 24. c4 dxc4 25. Bxc4 Rhd8 26. b5 Rb6 27. a4
Kf6 28. a5 Rbb8 29. b6 axb6 30. axb6 Bc6 31. g4 hxg4 32. hxg4 g5 1/2-1/2

[Event "XXXIV Festival A"]
[Site "Arco ITA"]
[Date "2012.10.14"]
[Round "2"]
[White "Naumkin, Igor"]
[Black "Bonade', Massimo"]
[WhiteElo "2480"]
[BlackElo "2086"]
[Result "1/2-1/2"]
[PlyCount "82"]
[EventDate "2012.10.13"]

1. d4 Nf6 2. c4 e6 3. Nf3 b6 4. g3 Bb7 5. Bg2 Be7 6. Nc3 Ne4 7. Bd2 f5 8. d5
Bf6 9. Qc2 Qe7 10. Rd1 Na6 11. O-O Nac5 12. Nb5 O-O 13. Nxc7 Rac8 14. Nb5 exd5
15. cxd5 Bxd5 16. Nxa7 Ra8 17. Nb5 Rxa2 18. Nfd4 g6 19. Bb4 Bf7 20. Ba3 Ra8 21.
e3 Ra5 22. Qc1 Bxd4 23. Nxd4 Ra4 24. Nb5 Bc4 25. Qb1 Qf7 26. Nd6 Nxd6 27. Rxd6
Ne4 28. Rxb6 R4xa3 29. bxa3 Nd2 30. Qc1 Nxf1 31. Bxf1 Bxf1 32. Rb8+ Kg7 33.
Qc3+ Kh6 34. Kxf1 Qd5 35. e4 Qd1+ 36. Kg2 Qe2 37. Qf3 Qxf3+ 38. Kxf3 Rxa3+ 39.
Kf4 Ra4 40. f3 d5 41. Re8 dxe4 1/2-1/2

[Event "XXXIV Festival A"]
[Site "Arco ITA"]
[Date "2012.10.14"]
[Round "2"]
[White "Oppici, Gabriele"]
[Black "Roth, Peter"]
[WhiteElo "1961"]
[BlackElo "2226"]
[Result "1-0"]
[PlyCount "85"]
[EventDate "2012.10.13"]

1. d4 Nf6 2. Nf3 e6 3. Bf4 d5 4. e3 Bd6 5. Bg3 Ne4 6. Nbd2 Nxg3 7. hxg3 f5 8.
Nh4 O-O 9. Bd3 Qf6 10. f4 c5 11. c3 Nc6 12. Ndf3 Bd7 13. g4 g6 14. Ne5 Bxe5 15.
dxe5 Qg7 16. gxf5 exf5 17. Nf3 Rfe8 18. Bc2 Ne7 19. Qe2 h6 20. g3 Kf7 21. Kf2
Rh8 22. Rad1 Be6 23. Qb5 b6 24. b4 Rhc8 25. Rd2 Rc6 26. Qf1 Rac8 27. Ba4 R6c7
28. Qh3 Ng8 29. Bb3 Rd7 30. Rhd1 c4 31. Ba4 Rdd8 32. Nd4 Ne7 33. Bc2 a6 34. e4
dxe4 35. Nxe6 Rxd2+ 36. Rxd2 Kxe6 37. Bxe4 Kf7 38. Bb7 Rc7 39. Qg2 Kg8 40. Rd6
Kh7 41. Bxa6 Nc8 42. Bxc8 Rxc8 43. Qd5 1-0

[Event "XXXIV Festival A"]
[Site "Arco ITA"]
[Date "2012.10.14"]
[Round "2"]
[White "Pomini, Aurelien"]
[Black "Burnier, David"]
[WhiteElo "2012"]
[BlackElo "2313"]
[Result "0-1"]
[PlyCount "102"]
[EventDate "2012.10.13"]

1. e4 e5 2. Nf3 Nc6 3. d4 exd4 4. Bc4 Nf6 5. e5 Ng4 6. O-O Bc5 7. Bf4 O-O 8. h3
Nh6 9. Bxh6 gxh6 10. c3 d5 11. Bb3 Bf5 12. Nxd4 Be4 13. Nxc6 bxc6 14. Nd2 Bd3
15. Re1 Kh8 16. Qf3 Bg6 17. Rad1 Rb8 18. c4 Qh4 19. cxd5 cxd5 20. Re2 Rg8 21.
Bxd5 Bh5 22. g4 Bxg4 23. hxg4 Rxg4+ 24. Kf1 Rf4 25. Re4 Rxf3 26. Rxh4 Rxf2+ 27.
Ke1 Rxb2 28. Rb1 Rfxd2 29. Rxb2 Rxb2 30. Rxh6 Be3 31. Rc6 Rb5 32. Bxf7 Rxe5 33.
Ke2 Bb6+ 34. Kd3 Kg7 35. Bb3 h5 36. Rc1 h4 37. Rh1 Bf2 38. Rh2 Bg3 39. Rh1 Kg6
40. Kd4 c5+ 41. Kc4 Kg5 42. Bd1 Bf2 43. Rh2 Re4+ 44. Kd3 Rd4+ 45. Ke2 Bg3 46.
Rh1 c4 47. Bc2 c3 48. Rd1 Rxd1 49. Bxd1 Kf4 50. Bc2 Kg5 51. Bd1 Kf4 0-1

[Event "XXXIV Festival A"]
[Site "Arco ITA"]
[Date "2012.10.14"]
[Round "2"]
[White "Prelati, Maurizio"]
[Black "Kern, Beat"]
[WhiteElo "1976"]
[BlackElo "1624"]
[Result "1-0"]
[PlyCount "47"]
[EventDate "2012.10.13"]

1. e4 Nf6 2. e5 Nd5 3. d4 d6 4. c4 Nb6 5. f4 dxe5 6. fxe5 Bf5 7. Nf3 e6 8. Bd3
Bxd3 9. Qxd3 Be7 10. Nc3 c6 11. O-O h6 12. Bf4 N8d7 13. Rad1 g5 14. Be3 Qc7 15.
a4 a5 16. b3 O-O-O 17. Nd2 f5 18. exf6 Nxf6 19. Qe2 Rhf8 20. Nf3 Nbd7 21. Bf2
Bb4 22. Rc1 Rde8 23. Bg3 Bd6 24. Nb5 1-0

[Event "XXXIV Festival A"]
[Site "Arco ITA"]
[Date "2012.10.14"]
[Round "2"]
[White "Roessner, Uwe"]
[Black "Maddaloni, Giovanni"]
[WhiteElo "1892"]
[BlackElo "1762"]
[Result "0-1"]
[PlyCount "46"]
[EventDate "2012.10.13"]

1. Nf3 Nf6 2. g3 g6 3. Bg2 Bg7 4. O-O c5 5. c4 Nc6 6. Nc3 d6 7. d3 O-O 8. Rb1
d5 9. cxd5 Nxd5 10. Bd2 Be6 11. a3 h6 12. Qc1 Kh7 13. Nxd5 Bxd5 14. Qxc5 Kg8
15. Qc1 Rc8 16. Bxh6 Nd4 17. Qd2 Rc2 18. Qd1 Bxf3 19. Bxf3 Bxh6 20. e3 Nxf3+
21. Qxf3 Qxd3 22. Qxb7 Bxe3 23. Qf3 Rxf2 0-1

[Event "XXXIV Festival A"]
[Site "Arco ITA"]
[Date "2012.10.14"]
[Round "2"]
[White "Schaefer, Michael"]
[Black "Lezzerini, Marco"]
[WhiteElo "2174"]
[BlackElo "1920"]
[Result "1-0"]
[PlyCount "68"]
[EventDate "2012.10.13"]

1. d4 d6 2. Nf3 g6 3. c4 Bg7 4. Nc3 Bg4 5. e3 c5 6. Be2 cxd4 7. exd4 Nh6 8. h3
Bxf3 9. Bxf3 Nc6 10. d5 Ne5 11. Be2 O-O 12. Bd2 Nf5 13. O-O Rc8 14. b3 Nd4 15.
Re1 Nxe2+ 16. Qxe2 Re8 17. Rac1 a5 18. Bg5 Bf8 19. f4 Nd7 20. Kh1 Nc5 21. f5
Nd7 22. Ne4 Qc7 23. Qf2 Nc5 24. Nxc5 Qxc5 25. Be3 Qc7 26. Rf1 Bg7 27. Bb6 Qd7
28. Bxa5 e6 29. dxe6 fxe6 30. fxg6 hxg6 31. Qg3 Kh7 32. Rcd1 d5 33. Rf4 Bh6 34.
Rh4 Kg7 1-0

[Event "XXXIV Festival A"]
[Site "Arco ITA"]
[Date "2012.10.14"]
[Round "2"]
[White "Schlee, Ulrich"]
[Black "Astengo, Corrado"]
[WhiteElo "1796"]
[BlackElo "2119"]
[Result "0-1"]
[PlyCount "116"]
[EventDate "2012.10.13"]

1. e4 c5 2. Nc3 e6 3. g3 Nc6 4. Bg2 Nf6 5. d3 d5 6. Bg5 d4 7. Nce2 Be7 8. Nf3
e5 9. O-O Be6 10. h3 Rc8 11. b3 O-O 12. Nd2 Qd7 13. Kh2 Ng4+ 14. hxg4 Bxg5 15.
f4 exf4 16. gxf4 Qc7 17. Kg1 Be7 18. f5 Bd7 19. Nf4 Bg5 20. Nd5 Qg3 21. Qf3 Qh4
22. Nc4 b5 23. Nd6 Ne5 24. Qh3 Qxh3 25. Bxh3 Rc6 26. Nxb5 Rh6 27. Kg2 Bxb5 28.
a4 Bc6 29. f6 Bxd5 30. exd5 Rxf6 31. Rfe1 Be3 32. Re2 Rd8 33. Rd1 Rxd5 34. c4
Rdd6 35. a5 Ng6 36. Rf1 Nf4+ 37. Rxf4 Rxf4 38. Kg3 g5 39. Bg2 Rdf6 40. Be4 Rf1
41. Bf5 R6xf5 42. gxf5 Rxf5 43. Kg4 Rf1 44. Rb2 f5+ 45. Kg3 h5 46. b4 f4+ 47.
Kg2 Rg1+ 48. Kf3 g4+ 49. Ke4 cxb4 50. Rxb4 f3 51. Rb8+ Kg7 52. Kf5 f2 53. Rb7+
Kh6 54. Rxa7 f1=Q+ 55. Ke5 Qf4+ 56. Kd5 Qf5+ 57. Kc6 Rf1 58. Rd7 Qc5+ 0-1

[Event "XXXIV Festival A"]
[Site "Arco ITA"]
[Date "2012.10.14"]
[Round "2"]
[White "Schnitzspan, Lothar"]
[Black "Antonelli, Fabrizio"]
[WhiteElo "2325"]
[BlackElo "2011"]
[Result "1-0"]
[PlyCount "113"]
[EventDate "2012.10.13"]

1. Nf3 Nf6 2. c4 g6 3. Nc3 Bg7 4. g3 O-O 5. Bg2 d6 6. d4 Nc6 7. Bf4 Nh5 8. Bg5
h6 9. Be3 e5 10. dxe5 dxe5 11. Bc5 Re8 12. Qxd8 Nxd8 13. O-O-O Ne6 14. Ba3 c6
15. Ne4 f5 16. Nd6 Rd8 17. e4 Nd4 18. Nxd4 exd4 19. exf5 gxf5 20. Bh3 b6 21.
Nxc8 Raxc8 22. Bxf5 Rc7 23. c5 Nf6 24. Rhe1 Nd5 25. h4 b5 26. b4 Kh8 27. Re6
Re7 28. Rxe7 Nxe7 29. Be4 Kg8 30. Bb2 Kf7 31. Kd2 Ke6 32. Re1 Kd7 33. a4 a6 34.
axb5 axb5 35. Ra1 Ke6 36. Ra6 Rc8 37. Ra7 Bf6 38. Kd3 Rd8 39. Ra6 Rc8 40. Bf3
Rc7 41. Bc1 Nd5 42. Bxd5+ Kxd5 43. Bxh6 Rf7 44. Ra2 Be7 45. Ra7 Rxf2 46. Rxe7
Rf3+ 47. Be3 dxe3 48. Rxe3 Rf1 49. Kc2 Kd4 50. Re6 Rf2+ 51. Kd1 Kc4 52. Ke1 Rg2
53. Re4+ Kd3 54. Rg4 Ke3 55. Kf1 Rc2 56. Rf4 Rc4 57. h5 1-0

[Event "XXXIV Festival A"]
[Site "Arco ITA"]
[Date "2012.10.14"]
[Round "2"]
[White "Stap, Kees"]
[Black "Sigmund, Ingenuin"]
[WhiteElo "2098"]
[BlackElo "1776"]
[Result "1-0"]
[PlyCount "41"]
[EventDate "2012.10.13"]

1. c4 Nf6 2. g3 c6 3. Bg2 d5 4. Nf3 g6 5. cxd5 cxd5 6. Nc3 Nc6 7. d3 Bg7 8. O-O
O-O 9. Bf4 Nh5 10. Bd2 e5 11. Qb3 d4 12. Ne4 b6 13. Neg5 Bb7 14. Nxf7 Rxf7 15.
Ng5 Qd7 16. Nxf7 Na5 17. Bxa5 Bxg2 18. Kxg2 Nf4+ 19. gxf4 Qg4+ 20. Kh1 Qxe2 21.
Nh6+ 1-0

[Event "XXXIV Festival A"]
[Site "Arco ITA"]
[Date "2012.10.14"]
[Round "2"]
[White "Trauth, Michael"]
[Black "Weinberg, Emanuele"]
[WhiteElo "2159"]
[BlackElo "1795"]
[Result "1-0"]
[PlyCount "57"]
[EventDate "2012.10.13"]

1. Nf3 Nf6 2. g3 d6 3. c4 e5 4. Bg2 g6 5. Nc3 Bg7 6. c5 e4 7. Nxe4 d5 8. Nxf6+
Bxf6 9. O-O c6 10. d4 O-O 11. Bf4 Re8 12. Qd2 Nd7 13. Rfe1 Bg7 14. Bg5 Qc7 15.
Qf4 Qxf4 16. Bxf4 Nf8 17. Be5 f6 18. Bd6 Be6 19. b4 a5 20. a3 Bf7 21. e3 Nd7
22. Reb1 a4 23. b5 Bf8 24. bxc6 bxc6 25. Bxf8 Kxf8 26. Rb7 Red8 27. Bh3 Ke8 28.
Rc7 Nb8 29. Rb1 1-0

[Event "XXXIV Festival A"]
[Site "Arco ITA"]
[Date "2012.10.14"]
[Round "2"]
[White "Vezzosi, Paolo"]
[Black "Dobboletta, Alex"]
[WhiteElo "2308"]
[BlackElo "1995"]
[Result "0-1"]
[PlyCount "54"]
[EventDate "2012.10.13"]

1. d4 Nf6 2. c4 g6 3. Nc3 Bg7 4. e4 d6 5. Be2 O-O 6. Bg5 h6 7. Be3 e5 8. d5
Nbd7 9. Qd2 Kh7 10. g4 Nc5 11. f3 a5 12. Nh3 Ne8 13. Nf2 f5 14. gxf5 gxf5 15.
O-O-O f4 16. Bxc5 dxc5 17. Nd3 b6 18. Rhg1 Nd6 19. Rxg7+ Kxg7 20. Nxe5 Qg5 21.
Nc6 Bb7 22. e5 Nf5 23. Ne4 Qg2 24. Nf6 Bxc6 25. Nh5+ Kh8 26. Nxf4 Qg5 27. dxc6
Nd4 0-1

[Event "XXXIV Festival A"]
[Site "Arco ITA"]
[Date "2012.10.14"]
[Round "2"]
[White "Wagner, Frank"]
[Black "Rygg, Snorre"]
[WhiteElo "1906"]
[BlackElo "1788"]
[Result "1/2-1/2"]
[PlyCount "29"]
[EventDate "2012.10.13"]

1. c4 e5 2. Nc3 Nf6 3. d3 Nc6 4. a3 d5 5. cxd5 Nxd5 6. Nf3 f6 7. g3 Be6 8. Bg2
Qd7 9. d4 exd4 10. Nxd4 Nxc3 11. bxc3 Bd5 12. e4 Bc4 13. Qa4 Ne5 14. Qxd7+ Kxd7
15. Be3 1/2-1/2

[Event "XXXIV Festival A"]
[Site "Arco ITA"]
[Date "2012.10.15"]
[Round "3"]
[White "Anfuso, Luigi"]
[Black "Roessner, Uwe"]
[WhiteElo "1743"]
[BlackElo "1892"]
[Result "0-1"]
[PlyCount "52"]
[EventDate "2012.10.13"]

1. d4 d6 2. Nf3 Nf6 3. c4 Nbd7 4. g3 e5 5. Bg2 Be7 6. Nc3 c6 7. O-O O-O 8. e4
a6 9. h3 b5 10. cxb5 axb5 11. Qc2 Bb7 12. b3 Re8 13. dxe5 dxe5 14. Bb2 Qb6 15.
Rfd1 Bc5 16. Nh4 g6 17. g4 Nf8 18. g5 Nh5 19. Bf3 Nf4 20. Bg4 Bc8 21. Ng2 Nxh3+
22. Bxh3 Bxh3 23. Rd3 Bd7 24. Rg3 Ne6 25. Ne3 Bxe3 26. fxe3 Nxg5 0-1

[Event "XXXIV Festival A"]
[Site "Arco ITA"]
[Date "2012.10.15"]
[Round "3"]
[White "Antonelli, Fabrizio"]
[Black "Bondielli, Giorgio"]
[WhiteElo "2011"]
[BlackElo "1849"]
[Result "1-0"]
[PlyCount "63"]
[EventDate "2012.10.13"]

1. e4 e5 2. Nf3 Nf6 3. Nxe5 d6 4. Nf3 Nxe4 5. d4 d5 6. Bd3 Bd6 7. O-O O-O 8. c4
c6 9. Nc3 Nxc3 10. bxc3 Bg4 11. c5 Bc7 12. h3 Bh5 13. Re1 Nd7 14. g4 Bg6 15.
Bg5 f6 16. Be3 Bxd3 17. Qxd3 Re8 18. Re2 Re6 19. Nh4 Qf8 20. Rae1 Rae8 21. c4
Qf7 22. cxd5 cxd5 23. Qb3 Re4 24. f3 R4e6 25. Nf5 Ra6 26. Bh6 Rae6 27. Be3 Ra6
28. Kg2 b6 29. Bh6 Rxe2+ 30. Rxe2 Bd8 31. Bxg7 bxc5 32. Nh6+ 1-0

[Event "XXXIV Festival A"]
[Site "Arco ITA"]
[Date "2012.10.15"]
[Round "3"]
[White "Arvola, Benjamin"]
[Black "Tocco, Paolo"]
[WhiteElo "2296"]
[BlackElo "2133"]
[Result "0-1"]
[PlyCount "46"]
[EventDate "2012.10.13"]

1. e4 e5 2. Nf3 Nc6 3. d4 exd4 4. Nxd4 Qh4 5. Nxc6 Qxe4+ 6. Be2 dxc6 7. O-O Bd6
8. Nc3 Qe5 9. g3 Nf6 10. Be3 Bh3 11. Re1 O-O-O 12. Bd3 Rhe8 13. Qf3 Bg4 14. Qg2
Qh5 15. Bxa7 Bf3 16. Qf1 b6 17. Rxe8 Rxe8 18. a4 Ng4 19. h4 Nxf2 20. Re1 Re5
21. a5 Nxd3 22. cxd3 Qg4 23. Qf2 Bc5 0-1

[Event "XXXIV Festival A"]
[Site "Arco ITA"]
[Date "2012.10.15"]
[Round "3"]
[White "Astengo, Corrado"]
[Black "De Nisi, Roberta"]
[WhiteElo "2119"]
[BlackElo "1926"]
[Result "1/2-1/2"]
[PlyCount "100"]
[EventDate "2012.10.13"]

1. e4 e6 2. d4 d5 3. Nd2 Nf6 4. e5 Nfd7 5. Bd3 c5 6. c3 Nc6 7. Ne2 cxd4 8. cxd4
f6 9. exf6 Nxf6 10. Nf3 Bd6 11. O-O O-O 12. Bf4 Bxf4 13. Nxf4 Qd6 14. Ne2 e5
15. dxe5 Nxe5 16. Nxe5 Qxe5 17. Qc2 Bd7 18. Ng3 Rac8 19. Qb3 Bc6 20. Rae1 Qf4
21. h3 Kh8 22. Bb5 Rfe8 23. Rxe8+ Rxe8 24. Bxc6 bxc6 25. Qb7 Ne4 26. Qxc6 Rf8
27. Nxe4 dxe4 28. Qc5 a6 29. Qd4 Qf7 30. b3 Qf4 31. Re1 h6 32. Rxe4 Qc1+ 33.
Kh2 Qc7+ 34. f4 Kh7 35. Re5 Kh8 36. Qe4 a5 37. Re8 Rxe8 38. Qxe8+ Kh7 39. Qe5
Qd8 40. a3 Qd3 41. Qxa5 Qxb3 42. a4 Qd3 43. Qb5 Qe4 44. Kg3 Qe1+ 45. Kf3 Qd1+
46. Qe2 Qb3+ 47. Qe3 Qd1+ 48. Qe2 Qb3+ 49. Qe3 Qd1+ 50. Qe2 Qb3+ 1/2-1/2

[Event "XXXIV Festival A"]
[Site "Arco ITA"]
[Date "2012.10.15"]
[Round "3"]
[White "Beltrami, Nerio"]
[Black "Machlik, Jon"]
[WhiteElo "1926"]
[BlackElo "1732"]
[Result "0-1"]
[PlyCount "82"]
[EventDate "2012.10.13"]

1. e4 e5 2. Nf3 Nc6 3. Bb5 a6 4. Ba4 b5 5. Bb3 Nf6 6. d3 Bc5 7. c3 Bb6 8. O-O
O-O 9. Bg5 h6 10. Bh4 g5 11. Bg3 d6 12. h3 Kh7 13. a4 b4 14. Nbd2 g4 15. hxg4
Bxg4 16. Bh4 bxc3 17. bxc3 Na5 18. Bc2 Qe7 19. d4 Rg8 20. Qe2 Rg6 21. Kh1 Qe6
22. d5 Qd7 23. Bd3 Nh5 24. g3 Rag8 25. Rfb1 Bxf3+ 26. Nxf3 Nf4 27. Qf1 Nxd3 28.
Qxd3 Bxf2 29. Ra2 Qh3+ 30. Nh2 Rxg3 31. Bxg3 Rxg3 32. Qf1 Rg1+ 33. Qxg1 Bxg1
34. Rxg1 Qd3 35. Rag2 Qxe4 36. Ng4 Qf3 37. Kh2 Qf4+ 38. Kh3 h5 39. Rf2 hxg4+
40. Kg2 Qe4+ 41. Kg3 Qe3+ 0-1

[Event "XXXIV Festival A"]
[Site "Arco ITA"]
[Date "2012.10.15"]
[Round "3"]
[White "Bisignano, Giuseppe"]
[Black "Knors, Rudi"]
[WhiteElo "1891"]
[BlackElo "2112"]
[Result "0-1"]
[PlyCount "82"]
[EventDate "2012.10.13"]

1. e4 c6 2. d4 d5 3. Nc3 dxe4 4. Nxe4 Nd7 5. Nf3 Ngf6 6. Bd3 Nxe4 7. Bxe4 Nf6
8. Bd3 Bg4 9. Be3 e6 10. h3 Bh5 11. Be2 Bd6 12. O-O Qc7 13. c4 O-O 14. Rc1 Rfd8
15. Qa4 Bf4 16. Rfe1 Ne4 17. b4 Bxe3 18. fxe3 Qg3 19. Rf1 Ng5 20. Qa5 Bxf3 21.
Rxf3 Nxf3+ 22. Bxf3 e5 23. dxe5 b6 24. Qa3 Qxe5 25. Bxc6 Rac8 26. Bd5 b5 27. e4
Qd4+ 28. Kh1 bxc4 29. Qf3 Rf8 30. Rc3 g6 31. a4 Kg7 32. g4 f6 33. b5 Rfe8 34.
a5 Re5 35. h4 Rc7 36. Rc1 c3 37. Rf1 Rxd5 38. exd5 c2 39. Rc1 Qd2 40. Qf1 Rc3
41. Ra1 c1=Q 0-1

[Event "XXXIV Festival A"]
[Site "Arco ITA"]
[Date "2012.10.15"]
[Round "3"]
[White "Bonade', Massimo"]
[Black "De Santis, Alessio"]
[WhiteElo "2086"]
[BlackElo "2294"]
[Result "1/2-1/2"]
[PlyCount "30"]
[EventDate "2012.10.13"]

1. d4 Nf6 2. c4 e6 3. Nc3 Bb4 4. e3 b6 5. Nge2 Bb7 6. a3 Be7 7. d5 exd5 8. cxd5
O-O 9. e4 Re8 10. Ng3 Bd6 11. f3 Be5 12. Bc4 Ba6 13. Qd3 Bxc4 14. Qxc4 c6 15.
O-O cxd5 1/2-1/2

[Event "XXXIV Festival A"]
[Site "Arco ITA"]
[Date "2012.10.15"]
[Round "3"]
[White "Bonagura, Stefano"]
[Black "Horvath, Csaba"]
[WhiteElo "2172"]
[BlackElo "2526"]
[Result "0-1"]
[PlyCount "58"]
[EventDate "2012.10.13"]

1. c4 Nf6 2. g3 e6 3. Bg2 d5 4. Nf3 Be7 5. O-O O-O 6. b3 d4 7. Bb2 c5 8. e3 Nc6
9. exd4 cxd4 10. d3 e5 11. Re1 Nd7 12. a3 a5 13. Nbd2 Kh8 14. Qc2 f6 15. Rab1
Ra6 16. Nh4 f5 17. Bxc6 Rxc6 18. Ng2 f4 19. gxf4 Rg6 20. Kh1 exf4 21. Nf3 Nc5
22. Re5 b6 23. b4 axb4 24. axb4 Bb7 25. Qd2 Bd6 26. bxc5 Bxe5 27. Ba3 Re8 28.
Rxb6 Rxb6 29. cxb6 Bd6 0-1

[Event "XXXIV Festival A"]
[Site "Arco ITA"]
[Date "2012.10.15"]
[Round "3"]
[White "Borries, Barbara"]
[Black "Galas, Franco"]
[WhiteElo "1850"]
[BlackElo "1735"]
[Result "1-0"]
[PlyCount "113"]
[EventDate "2012.10.13"]

1. e4 e5 2. Nf3 Nc6 3. Bb5 d6 4. d4 a6 5. Bxc6+ bxc6 6. dxe5 d5 7. exd5 Qxd5 8.
O-O Qxd1 9. Rxd1 Bg4 10. Nbd2 Rd8 11. Re1 Bc5 12. h3 Be6 13. Ne4 Bb6 14. Bg5
Rd7 15. a3 h6 16. Bd2 Ne7 17. Bb4 c5 18. Nxc5 Bxc5 19. Bxc5 O-O 20. Bxe7 Rxe7
21. Rad1 f5 22. exf6 Rxf6 23. Rd8+ Kh7 24. Nd4 c5 25. Nxe6 Rfxe6 26. Rxe6 Rxe6
27. Kf1 Rc6 28. Ke2 g5 29. Rd5 Kg6 30. g4 Kf6 31. Kd3 Ke6 32. c4 a5 33. b3 Rc8
34. f3 Rb8 35. Kc3 Rf8 36. Rd3 Rb8 37. Kd2 Rb6 38. Ke3 Kf6 39. f4 gxf4+ 40.
Kxf4 Ke6 41. h4 Kf6 42. Ke4 Re6+ 43. Kd5 Re5+ 44. Kc6 Re4 45. g5+ hxg5 46.
hxg5+ Kxg5 47. Kxc5 Kf6 48. Kb6 Re8 49. Kxa5 Ra8+ 50. Kb4 Rb8+ 51. Kc5 Ke6 52.
b4 Ke5 53. b5 Ke4 54. Rd7 Ra8 55. Kb4 Ke5 56. c5 Ke6 57. c6 1-0

[Event "XXXIV Festival A"]
[Site "Arco ITA"]
[Date "2012.10.15"]
[Round "3"]
[White "Buck, Klaus-Michael"]
[Black "Messina, Roberta"]
[WhiteElo "1756"]
[BlackElo "1983"]
[Result "0-1"]
[PlyCount "68"]
[EventDate "2012.10.13"]

1. Nf3 Nf6 2. b3 b6 3. g3 Bb7 4. Bg2 e6 5. Bb2 Be7 6. O-O O-O 7. a4 c5 8. d4
cxd4 9. Bxd4 Nc6 10. Bb2 d5 11. c3 Qc7 12. Nd4 Rfd8 13. e3 Rac8 14. b4 Ne5 15.
Nd2 Nd3 16. Ba3 Qxc3 17. Nb5 Qc2 18. Nxa7 Qxd1 19. Rfxd1 Ra8 20. b5 Bxa3 21.
Rxa3 Nc5 22. Nc6 Bxc6 23. bxc6 Rdc8 24. Nb3 Nxb3 25. Rxb3 Rxc6 26. Rdb1 Rxa4
27. Bf1 Ra2 28. Rxb6 Rxb6 29. Rxb6 g6 30. Bd3 Ng4 31. Bb1 Rd2 32. Rb4 Nxf2 33.
h4 Nd1 34. Rb3 Nxe3 0-1

[Event "XXXIV Festival A"]
[Site "Arco ITA"]
[Date "2012.10.15"]
[Round "3"]
[White "Buglisi, Massimo"]
[Black "Albano, Marco"]
[WhiteElo "1922"]
[BlackElo "2226"]
[Result "1/2-1/2"]
[PlyCount "102"]
[EventDate "2012.10.13"]

1. d4 Nf6 2. c4 c5 3. d5 b5 4. cxb5 a6 5. b6 d6 6. a4 Qxb6 7. Nc3 g6 8. e4 Bg7
9. Nf3 Nbd7 10. Nd2 O-O 11. Nc4 Qc7 12. Be2 Rb8 13. O-O Ne5 14. Ne3 g5 15. h4
gxh4 16. f4 Ng6 17. Nf5 Nxe4 18. Nxg7 Nxc3 19. bxc3 Kxg7 20. f5 Ne5 21. Qe1 Kh8
22. Qxh4 Rg8 23. f6 Ng6 24. Qf2 Re8 25. Bh5 Kg8 26. Bxg6 hxg6 27. Bh6 c4 28.
Be3 exf6 29. Bd4 Re5 30. Qxf6 Bf5 31. Rf4 Qd8 32. Bxe5 dxe5 33. Qxe5 Rb2 34.
Re1 Qg5 35. Rf2 Rd2 36. Rxd2 Qxd2 37. d6 Be6 38. Rb1 Kh7 39. Qh2+ Kg7 40. Qe5+
Kh7 41. Rb8 g5 42. Rh8+ Kg6 43. Rg8+ Kh5 44. Rh8+ Kg6 45. Rg8+ Kh5 46. Qh8+ Kg4
47. Qh3+ Kf4 48. Qf3+ Ke5 49. d7 Bxd7 50. Qg3+ Kf6 51. Ra8 Qd1+ 1/2-1/2